Využitie zlepšujúcich prípravkov pri výrobe cereálnych produktov diplomová práca

Salvato in:
Dettagli Bibliografici
Autore principale: Šedivá, Eva
Natura: Libro
Lingua:slovacco
Pubblicazione: Bratislava STU FCHPT 2015
Accesso online:Visualizza in OPAC
Tags: Aggiungi Tag
Nessun Tag, puoi essere il primo ad aggiungerne!!

MARC

LEADER 00000nam a2200000 a 4500
005 20260127134231.0
008 151203 2015 000 0 slo d
035 |a vtls011426015 
039 9 |y 201512031229  |z mschk03 
040 |a STUSCHK1  |b slo  |c STUSCHK1  |e AACR2 
100 1 |a Šedivá, Eva 
245 1 |a Využitie zlepšujúcich prípravkov pri výrobe cereálnych produktov  |b diplomová práca  |c Eva Šedivá 
260 |a Bratislava  |b STU FCHPT  |c 2015 
300 |a 132 s.  |b il.  |c 25 cm 
500 |a Študijný program: potraviny, hygiena, kozmetika 
500 |a Študijný odbor: potravinárstvo 
500 |a Školiace pracovisko: Odd. potravinárskej technológie 
500 |a Evid. číslo: FCHPT-5457-44200 
910 |a SCHK95 
999 |c 7411  |d 7411